Stalking horse /

Bibliographic Details
Main Author: Wilcox, Collin
Format: Book
Language:English
Published: New York : Random House, [1982]
Edition:1st ed.

MARC

Tag First Indicator Second Indicator Subfields
LEADER 00000pam a2200000 a 4500
001 in00000086184
005 20151008062604.0
008 810810s1982 nyu 00011 eng
010 |a  81040231  
020 |a 0394511735 :  |c $9.95 
035 |a (OCoLC)07737207 
035 |9 AAK0540AM 
039 0 |a 2  |b 3  |c 3  |d 3  |e 3 
040 |a DLC  |c DLC  |d TXA  |d UtOrBLW 
049 |a TXAM  |c [933934] 
050 0 0 |a PS3573 I395  |b  S8 
082 0 |a 813/.54  |2 19 
100 1 |a Wilcox, Collin. 
245 1 0 |a Stalking horse /  |c Collin Wilcox. 
250 |a 1st ed. 
264 1 |a New York :  |b Random House,  |c [1982] 
264 4 |c ©1982 
300 |a 249 pages ;  |c 22 cm. 
336 |a text  |b txt  |2 rdacontent 
337 |a unmediated  |b n  |2 rdamedia 
338 |a volume  |b nc  |2 rdacarrier 
999 |a MARS 
999 f f |s a6095341-a791-3f64-b4a2-45adb229baa4  |i 4b6b0610-d0e7-38c4-acc8-212deb5793b7  |t 0 
952 f f |p ric  |a Texas A&M University  |b Rellis Campus  |c Joint Library Facility  |d Remote Storage  |t 0  |e PS3573 I395 S8  |h Library of Congress classification  |i unmediated -- volume  |m A14806499563 
998 f f |a PS3573 I395 S8  |t 0  |l Remote Storage